<?xml version="1.0" encoding="UTF-8"?>
<record
    xmlns:xsi="http://www.w3.org/2001/XMLSchema-instance"
    xsi:schemaLocation="http://www.loc.gov/MARC21/slim http://www.loc.gov/standards/marcxml/schema/MARC21slim.xsd"
    xmlns="http://www.loc.gov/MARC21/slim">

  <leader>00519nam a22001817a 4500</leader>
  <controlfield tag="005">20240503142645.0</controlfield>
  <controlfield tag="008">240503b        |||||||| |||| 00| 0 eng d</controlfield>
  <datafield tag="020" ind1=" " ind2=" ">
    <subfield code="a">9780072227901</subfield>
  </datafield>
  <datafield tag="082" ind1=" " ind2=" ">
    <subfield code="a">005.276</subfield>
    <subfield code="b">POL-J</subfield>
  </datafield>
  <datafield tag="100" ind1=" " ind2=" ">
    <subfield code="a">Pollock, John</subfield>
  </datafield>
  <datafield tag="245" ind1=" " ind2=" ">
    <subfield code="a">JavaScript :</subfield>
    <subfield code="b">A Beginner's guide /</subfield>
    <subfield code="c">John Pollock</subfield>
  </datafield>
  <datafield tag="250" ind1=" " ind2=" ">
    <subfield code="a">2nd ed.</subfield>
  </datafield>
  <datafield tag="260" ind1=" " ind2=" ">
    <subfield code="a">india:</subfield>
    <subfield code="b">McGaraw-Hill;</subfield>
    <subfield code="c">2004.</subfield>
  </datafield>
  <datafield tag="300" ind1=" " ind2=" ">
    <subfield code="a">xxiv, 550 P. :</subfield>
    <subfield code="b">ill;</subfield>
    <subfield code="c">245 cm.</subfield>
  </datafield>
  <datafield tag="500" ind1=" " ind2=" ">
    <subfield code="a">include  index.</subfield>
  </datafield>
  <datafield tag="650" ind1=" " ind2=" ">
    <subfield code="a">computer science/ Java programming Language</subfield>
  </datafield>
  <datafield tag="999" ind1=" " ind2=" ">
    <subfield code="c">35680</subfield>
    <subfield code="d">35680</subfield>
  </datafield>
  <datafield tag="952" ind1=" " ind2=" ">
    <subfield code="0">0</subfield>
    <subfield code="1">0</subfield>
    <subfield code="4">0</subfield>
    <subfield code="7">0</subfield>
    <subfield code="8">Faculty of Computer Science and Information Technology</subfield>
    <subfield code="a">SIRC-G</subfield>
    <subfield code="b">SIRC-G</subfield>
    <subfield code="c">Java programming language</subfield>
    <subfield code="d">2024-05-03</subfield>
    <subfield code="l">0</subfield>
    <subfield code="o">005.276 POL-J 2004</subfield>
    <subfield code="p">16905</subfield>
    <subfield code="r">2024-05-03</subfield>
    <subfield code="w">2024-05-03</subfield>
    <subfield code="y">BK</subfield>
    <subfield code="Y">BK</subfield>
  </datafield>
</record>
